4 Times Table Game - Statistics

General Stats
  • This quiz has been taken 2,065 times
    1,772 since last reset
  • The average score is 12 of 12
Answer Stats
Problem Answer % Correct
4 x 4 16
98%
4 x 1 4
98%
4 x 2 8
98%
4 x 3 12
97%
4 x 5 20
97%
4 x 6 24
97%
4 x 10 40
97%
4 x 7 28
96%
4 x 8 32
96%
4 x 9 36
96%
4 x 11 44
96%
4 x 12 48
96%
No matching quizzes found
Score Distribution
Percent of People with Each Score
Percentile by Number Answered
Your Score History
You have not taken this quiz since the last reset